01761cam a22003855i 45000010008000000030009000080050017000170080041000340200015000750200018000900400043001080820025001511000039001762450260002152460092004752460044005672640039006112640010006503000041006603360026007013370028007273380027007554900030007825000021008125000024008336500036008576500043008936550017009368560085009538560073010388560104011119420012012159990017012279520131012443614726EG-ScBUE20250323091953.0731128t1974 nyua f 001 0 eng d a0070602190 a9780070602199 aEG-ScBUEbengerdacEG-ScBUEdEG-ScBUE04a515.2433076bSPI2221 aSpiegel, Murray R.,92617eauthor.10aSchaum’s outline of theory and problems of fourier analysis :bwith applications to boundary value problems /cby Murray R. Spiegel, Ph.D., former professor and chairman, Mathematics Department, Rensselaer Polytechnic Institute, Harvard Graduate Center.30aTheory and problems of fourier analysis :bwith applications to boundary value problems30aTheory and problems of fourier analysis 1aNew York : bMcGraw-Hill, c[1974] 4cc1974 a191 pages :billustrations ;c28 cm. 2rdacontentatextbtxt aunmediated2rdamediabn avolumebnc2rdacarrier0 aSchaum’s outline series aIncludes index.  aIncludes appendix.  7aFourier analysis.2BUEsh941292 7aBoundary value problems.2BUEsh918377 vReading book423Publisher descriptionuhttp://www.loc.gov/catdir/description/mh022/73021520.html413Table of contentsuhttp://www.loc.gov/catdir/toc/mh021/73021520.html423Contributor biographical informationuhttp://www.loc.gov/catdir/enhancements/fy1012/73021520-b.html 2ddccBB c22435d22407 00102ddc40708BaccahaMAINbMAINc1STd2016-10-01ePurchaseg300.00l0o515.2433076 SPIp000033778r2025-07-15 00:00:00yBB